LEADER 00924nam0-2200277---450 001 9910885399803321 005 20240916130911.0 100 $a20240916d1887----km-y0itay50------ba 101 0 $ager 102 $aDE 105 $aaf------001yy 200 1 $aTaschenbuch der Edelsteinkunde$efür Mineralogen, Techniker und Juweliere$fbearbeitet von J. Reinhard Blum 205 $a3. verb. Aufl. 210 $aLeipzig$cCarl Wilfferodt$d1887 215 $aX, 341 p., 6 c. di tav.$cill.$d20 cm 610 0 $aGemmologia 676 $a549$v200$zita 700 1$aBlum,$bReinhard J.$0793933 801 0$aIT$bUNINA$gREICAT$2UNIMARC 856 4 $zVisualizza la versione elettronica in EROMM$uhttps://babel.hathitrust.org/cgi/pt?id=uc1.$b292832&seq=7$e20240916 901 $aBK 912 $a9910885399803321 952 $aM 1 IV 13$b25653$fNAP14 959 $aNAP14 996 $aTaschenbuch der Edelsteinkunde$94266490 997 $aUNINA